1251 1297 1219 1041 1894 1611 1772 1048 1892 1725 1121 1533 1560 1885 1290 1311 1393 1884 1093 1119 1827 1276 1086 1516 1683 1383 1900 1905 1944 1068 1152 1776 1988 1159 1584 1068 1009 1008 1669 1074 1765 1155 1374 1123 1850 1552 1571 1549 1987 1640 1987 1981 1053 1091 1514 1073 1624 1943 1288 1314 1257 1141 1193 1386 1398 1751 1736 1379 1721 1511 1637 1514 1812 1257 1523 1239 1438 1608 1070 1813 1020 1852 1295 1545 1702 1251 1640 1599 1222 1552 1427 1525 1172 1497 1126 1711 1873 1904 1795 BCNSPRNW ULIB Ver.6.0+V

เปลี่ยนเป็นภาษาไทย

Change to English
 แสดงรายละเอียดบรรณานุกรม
  กลับหน้าหลัก

Brief Record : Get Marc (ISO 2709) : E-mail record : QR code < ปิดหน้าต่าง
LEADER : 00000nam 2200000uu 4500
001    13399112114
003     ULIB
008    110228s2541||||th 000 0 tha d
020    97483624
060 04 WY85^bน599ว 2541
100 0  ฟาริดา อิบราฮิม
245 10 นิเทศวิชาชีพและจริยศาสตร์สำหรับพยาบาล /^cฟาริดา อิบราฮิม
250    พิมพ์ครั้งที่ 5
260    [กรุงเทพฯ] :^bสามเจริญพาณิชย์,^c2541
300    145 หน้า ;^c22 ซม.
650  7 การพยาบาลนิเทศ
650  7 การพยาบาล^xนิเทศ
650  7 วิชาชีพพยาบาล
945    ^p0^l0^i014559
945    ^p0^l0^i014560
945    ^p0^l0^i014561
945    ^p0^l0^i018845
995    ทศพร
999 ^a ใช้งานได้ทุกระบบ
รายการนี้ยังไม่มีแท็ก
คุณยังไม่ได้ล็อกอิน คุณสามารถมีกิจกรรมร่วมกับเว็บไซต์ได้ แต่ต้องล็อกอินก่อน ::
  ล็อกอิน

รายการสื่อสารสนเทศ

ลำดับที่ ประเภท เลขเรียก/บาร์โค้ด สถานที่ สถานะ
- ไม่พบข้อมูล -

รายการใกล้เคียง
    ผู้แต่ง [ฟาริดา อิบราฮิม]

    หัวเรื่อง [การพยาบาลนิเทศ]
    หัวเรื่อง [วิชาชีพพยาบาล]

BibComment


ยังไม่เคยถูกคอมเมนท์

คอมเมนท์ทรัพยากรรายการนี้
  คอมเมนท์: นิเทศวิชาชีพและจร..


 Copyright 2026. Bcnsprnw @Library